|
|
|
|
| LEADER |
01186nam a2200277 a 4500 |
| 001 |
4922016 |
| 008 |
091108s1994 bg ab b 001 0 eng d |
| 010 |
|
|
|a \\\94905492
|
| 020 |
|
|
|a 9848121013 :
|c Tk400.00 ($15.00 U.S.)
|
| 040 |
|
|
|a DLC
|c DLC
|d DLC
|
| 082 |
0 |
0 |
|a 333.91/816/095492
|2 20
|
| 245 |
0 |
0 |
|a Wetlands of Bangladesh /
|c edited by M. Salar Khan ... [et al.].
|
| 250 |
|
|
|a 1st ed.
|
| 260 |
|
|
|a Dhaka :
|b Bangladesh Centre for Advanced Studies in association with Nature Conservation Movement,
|c 1994.
|
| 300 |
|
|
|a xvi, 91 p. :
|b ill. (some col.), map ;
|c 29 cm.
|
| 520 |
|
|
|a Contributed articles.
|
| 504 |
|
|
|a Includes bibliographical references (p. 77-88) and index.
|
| 541 |
1 |
|
|e 00014545
|
| 650 |
|
0 |
|a Wetlands
|z Bangladesh.
|
| 650 |
|
0 |
|a Wetland conservation
|z Bangladesh.
|
| 700 |
1 |
|
|a Khan, Md. Salar.
|
| 710 |
2 |
|
|a Bangladesh Centre for Advanced Studies.
|
| 710 |
2 |
|
|a Nature Conservation Movement (Bangladesh)
|
| 852 |
4 |
|
|a Ayesha Abed Library
|j General shelf
|
| 999 |
|
|
|c 5254
|d 5254
|
| 952 |
|
|
|0 0
|1 0
|2 ddc
|4 0
|6 333_918160954920000_WET_1994
|7 0
|9 5099
|a BRACUL
|b BRACUL
|c GEN
|d 2009-11-09
|g 400.00
|l 1
|m 10
|o 333.91816095492 WET
|p 3010014545
|r 2018-05-17
|s 2015-04-26
|t 1
|v 800.00
|w 2009-11-09
|y BK
|